Sporcle's Easiest States (per Letter) Quiz Stats

Quiz Updated Jan 13, 2018

Challenge
Share
Tweet
Embed
Score 0/19 Timer 01:30
10 Plays Today
Hint Answer % Correct
CCalifornia
89%
FFlorida
87.2%
GGeorgia
85.4%
AAlaska
85.4%
HHawaii
83.4%
DDelaware
83%
KKansas
78.1%
NNew York
74.4%
OOhio
70.1%
LLouisiana
69.6%
Hint Answer % Correct
IIdaho
69.3%
TTexas
67.8%
UUtah
66.5%
RRhode Island
63.7%
PPennsylvania
62.5%
WWashington
61.6%
VVirginia
61%
MMaine
54%
SSouth Dakota
43.9%

You're not logged in!

Compare scores with friends on all Sporcle quizzes.
Join for Free
OR
Log In

You Might Also Like...

Show Comments

Extras

Top Quizzes Today


Score Distribution

Your Account Isn't Verified!

In order to create a playlist on Sporcle, you need to verify the email address you used during registration. Go to your Sporcle Settings to finish the process.

Report this User

Report this user for behavior that violates our Community Guidelines.

Details: